Liverpool or Southampton - Statistics

General Stats
  • This quiz has been taken 144 times
  • The average score is 12 of 15
Answer Stats
Question Answer % Correct
Sadio Mane Both
94%
Adam Lallana Both
94%
Divock Origi Liverpool
94%
Joe Gomez Liverpool
94%
Alex Mccarthy Southampton
94%
Che Adams Southampton
94%
Virgil Van Dijk Both
88%
Danny Ings Both
81%
Nathaniel Clyne Both
81%
Adrian Liverpool
81%
Sam Gallagher Southampton
75%
Rickie Lambert Both
69%
Alex oxlade chamberlain Both
69%
Dejan Lovren Both
63%
Peter crouch Both
63%
No matching quizzes found
Score Distribution
Percent of People with Each Score
Percentile by Number Answered
Your Score History
You have not taken this quiz